000 00371nam a2200145Ia 4500
008 231129s1996||||xx |||||||||||||| ||spa||
020 _a958-04-3414-X
040 _bspa
082 _a186 C568d
100 _aCicerón
245 0 _aLa vejez La amistad
260 _c1996
264 _aBogotá Colombia : Norma
942 _2ddc
_cBKS
999 _c18403
_d18403